| 000 | 01293nam0a22003011 4500 | ||
|---|---|---|---|
| 001 | rc\4016635 | ||
| 005 | 20250610230250.0 | ||
| 021 |
_aRU _b[49-2599] |
||
| 035 | _a(NLR Aleph) 007948199 | ||
| 090 |
_a8322365 _c8322365 |
||
| 100 | _a20130415d1949 |||y0rusy50 ca | ||
| 101 | 0 | _arus | |
| 102 | _aRU | ||
| 105 | _ay z ||||| | ||
| 200 | 1 |
_aЕдиная классификационная программа по гимнастике на 1949-1950 годы _eУтв. Ком. по делам физкультуры и спорта при Совете министров СССР 17 сент. 1948 г. _fОтд. физкультуры и спорта ВЦСПС |
|
| 210 |
_a[Москва] _cИзд-во и 1-я тип. Профиздата _d1949 |
||
| 215 |
_a120 с. _d16 |
||
| 300 | _aНа 3-й с. сост.: Черныш В.В., Волчков Л.В., Пацекин П.В. [и др.] | ||
| 702 | 1 |
_aВолчков _bЛ.В. _4220 |
|
| 702 | 1 |
_aПацекин _bП.В. _4220 |
|
| 702 | 1 |
_aЧерныш _bВ.В. _gВера Васильевна _4220 |
|
| 712 | 0 | 1 | _aСССР. Комитет по делам физ. культуры и спорта |
| 801 | 0 |
_aRU _bNLR _gpsbo |
|
| 801 | 1 |
_aRU _bELAR _2rusmarc |
|
| 852 |
_aNLR _jФк02 Г-1/49 |
||
| 942 | _cBOOK | ||
| 980 | _aNB | ||